000 00724nas a2200241 4500
001 BR6500258
003 BR-BrBNA
005 20231205082219.0
007 ta
008 230509b bl.|||p| |||| 00| 00por d
040 _aBR-BrBNA
_bpor
_cBiblioteca Nacional de Agricultura
041 _a(Pt)
072 _aL73
100 1 _aCorrea, O.
245 1 _aAs grandes incognitas da vacinacao anti-rabica
650 _aIMUNOLOGIA
650 _aVACINA
650 _aDOENCA ANIMAL
650 _aRAIVA
773 0 _tRevista da Faculdade de Agronomia e Veterinaria da Universidade do Rio Grande do Sul (Brazil)
_x
_g(Sep 1965), v. 7(3-4) p. 237-242
_wBR6500258
909 _a202311
_bLúcia
_c55
_dLúcia Elande
942 _2AGRIS
_n0
_cANA
999 _c90022
_d90022